[Event "Krakow op-B 31st"]
[Site "Krakow"]
[Date "2020.12.31"]
[Round "5"]
[White "Cap, Piotr"]
[Black "Szarwacki, Dominik"]
[Result "1-0"]
[WhiteElo "2008"]
[BlackElo "1878"]
[PlyCount "57"]
[EventDate "2020.12.27"]
[EventType "swiss"]
[EventRounds "9"]
[EventCountry "POL"]
[SourceTitle "CBM 200 Extra"]
[Source "ChessBase"]
[SourceDate "2021.03.31"]
[SourceVersion "1"]
[SourceVersionDate "2021.03.31"]
[SourceQuality "1"]

1. d4 Nf6 2. Bg5 Ne4 3. Bf4 d5 4. e3 c5 5. Bd3 Qb6 6. Bxe4 dxe4 7. d5 Nd7 8. Nc3 Nf6 9. Nge2 e6 10. 0-0 Bd7 11. Bg5 Be7 12. Nf4 0-0-0 13. a4 h6 14. Bxf6 gxf6 15. Nxe4 f5 16. Nd2 Qa6 17. c4 e5 18. Nd3 Qf6 19. Nb3 Rdg8 20. Nbxc5 Qg5 21. g3 f4 22. exf4 exf4 23. Nxd7 h5 24. N7e5 fxg3 25. fxg3 h4 26. g4 Bd6 27. Nxf7 Qe3+ 28. Kh1 Bxh2 29. Qf3 1-0

[Event "Warsaw Najdorf Memorial op-B"]
[Site "Warsaw"]
[Date "2011.07.21"]
[Round "9"]
[White "Prus, Marek"]
[Black "Szarwacki, Dominik"]
[Result "1-0"]
[WhiteElo "1783"]
[BlackElo "1948"]
[PlyCount "111"]
[EventDate "2011.07.14"]
[EventType "swiss"]
[EventRounds "9"]
[EventCountry "POL"]
[SourceTitle "EXT 2012"]
[Source "ChessBase"]
[SourceDate "2011.11.24"]
[SourceVersion "1"]
[SourceVersionDate "2011.11.24"]
[SourceQuality "1"]

1. e4 c5 2. Nf3 d6 3. d4 cxd4 4. Qxd4 Nc6 5. Bb5 Bd7 6. Bxc6 bxc6 7. 0-0 e5 8. Qd3 Nf6 9. Nc3 Qc7 10. h3 Rb8 11. Rb1 h6 12. Re1 Be7 13. Nh2 Nh5 14. Qf3 Nf6 15. Qd3 g5 16. Be3 Qc8 17. Bxa7 Rb7 18. Be3 Nh5 19. Qe2 Nf4 20. Bxf4 gxf4 21. Kh1 Qb8 22. b3 Qa7 23. a4 Bh4 24. Rf1 Qc5 25. Qd2 f5 26. Nf3 Be7 27. Rbd1 Rg8 28. Rfe1 Rb4 29. Re2 Rf8 30. Rde1 Bf6 31. exf5 Bxf5 32. Ne4 Rxe4 33. Rxe4 Bxe4 34. Rxe4 Kf7 35. Rc4 Qd5 36. Qxd5+ cxd5 37. Rc7+ Ke6 38. Kg1 e4 39. Nh2 e3 40. Kf1 d4 41. Ke2 Rg8 42. Kf1 Bh4 43. Nf3 d3 44. fxe3 Bf6 45. exf4 dxc2 46. Rxc2 Kf5 47. Rc4 h5 48. Kf2 Rb8 49. a5 Rxb3 50. Ra4 Rb2+ 51. Kg3 h4+ 52. Kh2 Rb8 53. Nd4+ Bxd4 54. Rxd4 Ra8 55. Rxd6 Rxa5 56. Rh6 1-0

[Event "Polanica Zdroj op-B 44th"]
[Site "Polanica Zdroj"]
[Date "2008.08.22"]
[Round "4"]
[White "Wisniewski, Adam"]
[Black "Szarwacki, Dominik"]
[Result "0-1"]
[WhiteElo "2090"]
[BlackElo "1956"]
[PlyCount "66"]
[EventDate "2008.08.19"]
[EventType "swiss"]
[EventRounds "10"]
[EventCountry "POL"]
[SourceTitle "CBM 126 Extra"]
[Source "ChessBase"]
[SourceDate "2008.11.05"]
[SourceVersion "1"]
[SourceVersionDate "2008.11.05"]
[SourceQuality "1"]

1. e4 c5 2. c3 Nf6 3. e5 Nd5 4. d4 cxd4 5. Nf3 e6 6. cxd4 d6 7. Bd3 Qc7 8. 0-0 Nd7 9. exd6 Bxd6 10. a3 b6 11. Bg5 Bb7 12. Nc3 Nxc3 13. bxc3 0-0 14. c4 h6 15. Be3 e5 16. d5 f5 17. Be2 f4 18. Bd2 Nc5 19. Bc3 e4 20. Nd4 f3 21. gxf3 Bxh2+ 22. Kg2 Qf4 23. Rh1 Qg5+ 24. Kf1 Be5 25. Rg1 Qf6 26. Rc1 exf3 27. Bxf3 Ne4 28. Ba1 Ng5 29. Rxg5 hxg5 30. Ne6 Bxa1 31. Rxa1 Qxf3 32. Nxf8 Qh1+ 33. Ke2 Qe4+ 0-1

[Event "Polanica Zdroj op-B 44th"]
[Site "Polanica Zdroj"]
[Date "2008.08.20"]
[Round "2"]
[White "Nowakowska, Agnieszka"]
[Black "Szarwacki, Dominik"]
[Result "0-1"]
[WhiteElo "1778"]
[BlackElo "1956"]
[PlyCount "54"]
[EventDate "2008.08.19"]
[EventType "swiss"]
[EventRounds "10"]
[EventCountry "POL"]
[SourceTitle "CBM 126 Extra"]
[Source "ChessBase"]
[SourceDate "2008.11.05"]
[SourceVersion "1"]
[SourceVersionDate "2008.11.05"]
[SourceQuality "1"]

1. e4 c5 2. c3 Nf6 3. e5 Nd5 4. d4 cxd4 5. cxd4 e6 6. Nf3 Nc6 7. Be2 d6 8. 0-0 Be7 9. Qb3 dxe5 10. dxe5 Qc7 11. Nc3 Nxe5 12. Nxd5 exd5 13. Nxe5 Qxe5 14. Bb5+ Kf8 15. Bd2 Be6 16. Rfe1 Qd6 17. f4 Qc5+ 18. Kh1 d4 19. Qd3 a6 20. Re5 Qb6 21. f5 Bd6 22. fxe6 Bxe5 23. Bc4 fxe6 24. Qe4 Bf6 25. a3 a5 26. b4 axb4 27. Bxb4+ Qxb4 0-1

[Event "Polanica Zdroj op-B 44th"]
[Site "Polanica Zdroj"]
[Date "2008.08.19"]
[Round "1"]
[White "Szarwacki, Dominik"]
[Black "Gorol, Magdalena"]
[Result "1/2-1/2"]
[WhiteElo "1956"]
[BlackElo "1786"]
[PlyCount "44"]
[EventDate "2008.08.19"]
[EventType "swiss"]
[EventRounds "10"]
[EventCountry "POL"]
[SourceTitle "CBM 126 Extra"]
[Source "ChessBase"]
[SourceDate "2008.11.05"]
[SourceVersion "1"]
[SourceVersionDate "2008.11.05"]
[SourceQuality "1"]

1. e4 Nf6 2. e5 Nd5 3. c4 Nb6 4. c5 Nd5 5. Nc3 e6 6. Bc4 Nxc3 7. bxc3 Bxc5 8. d4 Be7 9. Qg4 g6 10. h4 h5 11. Qg3 d5 12. Bd3 c5 13. Ne2 Nc6 14. Nf4 cxd4 15. Bxg6 Nxe5 16. Nxe6 Bxe6 17. Qxe5 Kd7 18. Bf5 Qa5 19. Bd2 dxc3 20. Bxc3 Bb4 21. Bxe6+ fxe6 22. Qg7+ Kd6 1/2-1/2

[Event "Rewal op-B 12th"]
[Site "Rewal"]
[Date "2007.08.26"]
[Round "4"]
[White "Siedlinski, Piotr"]
[Black "Szarwacki, Dominik"]
[Result "1/2-1/2"]
[WhiteElo "1838"]
[BlackElo "1928"]
[PlyCount "57"]
[EventDate "2007.08.23"]
[EventType "swiss"]
[EventRounds "9"]
[EventCountry "POL"]
[SourceTitle "CBM 120 Extra"]
[Source "ChessBase"]
[SourceDate "2007.11.01"]
[SourceVersion "1"]
[SourceVersionDate "2007.11.01"]
[SourceQuality "1"]

1. e4 c5 2. Nc3 d6 3. d3 Nc6 4. g3 g6 5. Bg2 Bg7 6. Be3 Rb8 7. Nge2 Nd4 8. 0-0 e5 9. Nd5 Bg4 10. f3 Be6 11. c3 Bxd5 12. exd5 Nf5 13. Bd2 Qd7 14. f4 Nf6 15. Qb3 Ng4 16. Bh3 h5 17. Rae1 b5 18. fxe5 dxe5 19. d4 cxd4 20. Nxd4 Ne7 21. Nc6 Nxc6 22. dxc6 Qc7 23. Bg5 0-0 24. Bxg4 hxg4 25. Qd5 Rb6 26. Bf6 Rxc6 27. Bxg7 Qb6+ 28. Kg2 Rc5 29. Qd7 1/2-1/2

[Event "Kochan Memorial op-B 18th"]
[Site "Koszalin"]
[Date "2007.08.08"]
[Round "4"]
[White "Zakoscielna, Kinga"]
[Black "Szarwacki, Dominik"]
[Result "1-0"]
[WhiteElo "2020"]
[BlackElo "1928"]
[PlyCount "125"]
[EventDate "2007.08.05"]
[EventType "swiss"]
[EventRounds "9"]
[EventCountry "POL"]
[SourceTitle "EXT 2011"]
[Source "ChessBase"]
[SourceDate "2010.11.26"]
[SourceVersion "1"]
[SourceVersionDate "2010.11.26"]
[SourceQuality "1"]

1. e4 c5 2. Nf3 Nc6 3. d4 cxd4 4. Nxd4 g6 5. Nc3 Bg7 6. Be3 Nf6 7. Bc4 Qa5 8. 0-0 d6 9. h3 0-0 10. Bb3 Bd7 11. Kh1 Rac8 12. f4 Qh5 13. Nxc6 Bxc6 14. Qd3 a6 15. Rae1 b5 16. Nd5 Nxd5 17. exd5 Bd7 18. Bc1 Bf5 19. Qe2 Qxe2 20. Rxe2 h5 21. Rfe1 Bf6 22. c3 Bd3 23. Re3 Bc4 24. g4 hxg4 25. hxg4 Bxb3 26. axb3 Rc5 27. Rd3 Rc7 28. Be3 Rfc8 29. Ra1 Ra8 30. b4 Rc4 31. Kg2 Bg7 32. Ra3 g5 33. Kf3 gxf4 34. Bxf4 Kf8 35. Rd1 a5 36. Rh1 a4 37. Bd2 Rac8 38. Raa1 Be5 39. Rh5 Ke8 40. g5 Ra8 41. Ke2 Kf8 42. b3 Rxb4 43. Rah1 Rxb3 44. Rh8+ Bxh8 45. Rxh8+ Kg7 46. Rxa8 f6 47. Ra7 Kf7 48. Kd3 Rb1 49. Kc2 Rg1 50. gxf6 Kxf6 51. Ra5 Ke5 52. Rxb5 a3 53. c4 Rg2 54. Kd3 Rg3+ 55. Be3 Rg2 56. Ra5 Ra2 57. Bd4+ Kf4 58. Ra7 Rh2 59. Be3+ Kf5 60. Rxe7 a2 61. Rf7+ Kg4 62. Ra7 Rb2 63. Kc3 1-0

[Event "POL-chT U19 2nd League"]
[Site "Lublin"]
[Date "2007.07.14"]
[Round "10"]
[White "Szarwacki, Dominik"]
[Black "Zysko, Jan"]
[Result "0-1"]
[WhiteElo "1928"]
[BlackElo "2107"]
[PlyCount "82"]
[EventDate "2007.07.07"]
[EventType "team-swiss"]
[EventRounds "11"]
[EventCountry "POL"]
[SourceTitle "EXT 2010"]
[Source "ChessBase"]
[SourceDate "2010.11.25"]
[SourceVersion "1"]
[SourceVersionDate "2010.11.25"]
[SourceQuality "1"]
[WhiteTeam "Warszawa KS Wesola U19"]
[BlackTeam "Wroclaw KS Polonia U19"]
[WhiteTeamCountry "POL"]
[BlackTeamCountry "POL"]

1. e4 c5 2. Nf3 d6 3. d4 cxd4 4. Nxd4 Nf6 5. Nc3 e6 6. g4 h6 7. g5 hxg5 8. Bxg5 Be7 9. Qd2 Nc6 10. 0-0-0 Bd7 11. f4 a6 12. Nf3 Qc7 13. e5 dxe5 14. fxe5 Nxe5 15. Nxe5 Qxe5 16. Bxf6 Bxf6 17. Qxd7+ Kf8 18. Qd6+ Qxd6 19. Rxd6 Be5 20. Rd3 Rxh2 21. Rxh2 Bxh2 22. Bg2 Rb8 23. Rd7 b6 24. Rb7 Rxb7 25. Bxb7 a5 26. Kd2 Ke7 27. Ne2 f5 28. Ke3 Kd6 29. c3 e5 30. Kf2 e4 31. Ng3 Ke5 32. Kg2 Bxg3 33. Kxg3 g5 34. Bc8 g4 35. a4 e3 36. b4 f4+ 37. Kg2 f3+ 38. Kf1 g3 39. Ba6 Kf4 40. bxa5 bxa5 41. c4 e2+ 0-1

[Event "POL-chT U19 2nd League"]
[Site "Lublin"]
[Date "2007.07.12"]
[Round "7"]
[White "Brodowski, Piotr"]
[Black "Szarwacki, Dominik"]
[Result "1-0"]
[WhiteElo "2365"]
[BlackElo "1928"]
[PlyCount "54"]
[EventDate "2007.07.07"]
[EventType "team-swiss"]
[EventRounds "11"]
[EventCountry "POL"]
[SourceTitle "EXT 2010"]
[Source "ChessBase"]
[SourceDate "2010.11.25"]
[SourceVersion "1"]
[SourceVersionDate "2010.11.25"]
[SourceQuality "1"]
[WhiteTeam "Kozuchow Odrodzenie U19"]
[BlackTeam "Warszawa KS Wesola U19"]
[WhiteTeamCountry "POL"]
[BlackTeamCountry "POL"]

1. Nf3 g6 2. d4 f5 3. g3 Bg7 4. Bg2 Nf6 5. 0-0 d6 6. c4 0-0 7. Nc3 Qe8 8. Qb3 Na6 9. c5+ Kh8 10. Qa3 dxc5 11. dxc5 c6 12. e4 fxe4 13. Ng5 Bg4 14. Ngxe4 Nxe4 15. Nxe4 Qf7 16. Bd2 Rad8 17. Rae1 Qc4 18. Re3 Bf5 19. Bc3 Bxe4 20. Bxg7+ Kxg7 21. Rxe4 Qd3 22. Rxe7+ Rf7 23. Rxf7+ Kxf7 24. b3 Rf8 25. Qc1 Qd4 26. Rd1 Qxc5 27. Rd7+ Ke8 1-0

[Event "Lubuska Wiosna op 3rd"]
[Site "Gorzow Wielkopolski"]
[Date "2007.04.06"]
[Round "1"]
[White "Stoma, Pawel"]
[Black "Szarwacki, Dominik"]
[Result "1/2-1/2"]
[WhiteElo "2263"]
[BlackElo "1888"]
[PlyCount "43"]
[EventDate "2007.04.06"]
[EventType "swiss"]
[EventRounds "9"]
[EventCountry "POL"]
[SourceTitle "EXT 2011"]
[Source "ChessBase"]
[SourceDate "2010.11.26"]
[SourceVersion "1"]
[SourceVersionDate "2010.11.26"]
[SourceQuality "1"]

1. e4 c5 2. Nc3 Nc6 3. Nf3 g6 4. d4 cxd4 5. Nxd4 Bg7 6. Nde2 d6 7. g3 Bg4 8. Bg2 Bxc3+ 9. bxc3 Qa5 10. 0-0 Nf6 11. f3 Be6 12. Rf2 0-0 13. Rb1 Rab8 14. Be3 Bc4 15. Bd4 Nxd4 16. cxd4 Rfc8 17. Nc1 Nd7 18. f4 Nb6 19. Bf1 Bxf1 20. Qxf1 Nc4 21. Nd3 Qc3 22. Nb4 1/2-1/2

[Event "POL-ch U18"]
[Site "Leba"]
[Date "2007.03.25"]
[Round "3"]
[White "Szarwacki, Dominik"]
[Black "Baturo, Tomasz"]
[Result "1/2-1/2"]
[WhiteElo "1867"]
[BlackElo "2048"]
[PlyCount "43"]
[EventDate "2007.03.24"]
[EventType "swiss"]
[EventRounds "11"]
[EventCountry "POL"]
[SourceTitle "EXT 2011"]
[Source "ChessBase"]
[SourceDate "2010.11.26"]
[SourceVersion "1"]
[SourceVersionDate "2010.11.26"]
[SourceQuality "1"]

1. e4 c5 2. Nc3 Nc6 3. Nge2 Nf6 4. d4 cxd4 5. Nxd4 e5 6. Ndb5 d6 7. Bg5 a6 8. Na3 b5 9. Nd5 Be7 10. Bxf6 Bxf6 11. c3 Bg5 12. Be2 0-0 13. Qd3 Be6 14. Nc2 Rb8 15. Ncb4 Nxb4 16. Nxb4 Qb6 17. 0-0 Kh8 18. Nd5 Qc5 19. b4 Qc6 20. Rfd1 Rfd8 21. Qg3 Bh6 22. Qd3 1/2-1/2

[Event "POL-ch U18"]
[Site "Leba"]
[Date "2006.03.30"]
[Round "8"]
[White "Markiewicz, Mateusz"]
[Black "Szarwacki, Dominik"]
[Result "1-0"]
[WhiteElo "1995"]
[BlackElo "1826"]
[PlyCount "87"]
[EventDate "2006.03.25"]
[EventType "swiss"]
[EventRounds "11"]
[EventCountry "POL"]
[SourceTitle "CBM 111 Extra"]
[Source "ChessBase"]
[SourceDate "2006.05.09"]
[SourceVersion "1"]
[SourceVersionDate "2006.05.09"]
[SourceQuality "1"]

1. e4 c5 2. Nf3 Nc6 3. d4 cxd4 4. Nxd4 g6 5. Nc3 Bg7 6. Be3 Nf6 7. f3 0-0 8. Qd2 d5 9. 0-0-0 dxe4 10. Nxc6 Qxd2+ 11. Rxd2 bxc6 12. Nxe4 Nd5 13. Bc5 Bh6 14. c4 f5 15. cxd5 fxe4 16. Bc4 exf3 17. dxc6+ Rf7 18. Bxf7+ Kxf7 19. Rf1 Bg4 20. h3 Rd8 21. hxg4 Rxd2 22. Rxf3+ Ke8 23. Be3 Bxe3 24. Rxe3 Rxg2 25. Rd3 Rxg4 26. b3 Rg5 27. b4 Rg4 28. b5 Rc4+ 29. Kb2 Rc5 30. Ka3 e6 31. Kb4 Rc2 32. Ra3 e5 33. Rxa7 e4 34. Ra3 Kd8 35. Re3 Rxa2 36. b6 Kc8 37. Rxe4 Rb2+ 38. Kc5 Rc2+ 39. Kd5 Rd2+ 40. Rd4 Rb2 41. Kd6 Rxb6 42. Rf4 Kb8 43. Kd7 Rb1 44. c7+ 1-0

[Event "POL-ch U18"]
[Site "Leba"]
[Date "2006.03.28"]
[Round "5"]
[White "Siembab, Bartosz"]
[Black "Szarwacki, Dominik"]
[Result "1-0"]
[WhiteElo "2170"]
[BlackElo "1826"]
[PlyCount "93"]
[EventDate "2006.03.25"]
[EventType "swiss"]
[EventRounds "11"]
[EventCountry "POL"]
[SourceTitle "CBM 111 Extra"]
[Source "ChessBase"]
[SourceDate "2006.05.09"]
[SourceVersion "1"]
[SourceVersionDate "2006.05.09"]
[SourceQuality "1"]

1. e4 c5 2. Nf3 d6 3. d4 cxd4 4. Nxd4 Nf6 5. Nc3 g6 6. Be2 Bg7 7. 0-0 0-0 8. Be3 Nc6 9. Nb3 Be6 10. f4 Na5 11. f5 Bc4 12. Nxa5 Bxe2 13. Qxe2 Qxa5 14. Rad1 Rfe8 15. Bd4 Rac8 16. a3 a6 17. Kh1 b5 18. fxg6 hxg6 19. Qf2 b4 20. axb4 Qxb4 21. Nd5 Qc4 22. c3 e5 23. Nxf6+ Bxf6 24. Qxf6 exd4 25. Rxd4 Qe6 26. Rxd6 Qxf6 27. Rdxf6 Rxe4 28. Rxf7 Re2 29. R7f2 Rce8 30. g3 a5 31. Kg2 a4 32. Rxe2 Rxe2+ 33. Rf2 Re4 34. Rd2 Kf7 35. Kf3 Re1 36. Re2 Rc1 37. Ke4 a3 38. bxa3 Rxc3 39. Ra2 Kf6 40. a4 Kg5 41. a5 Kg4 42. a6 Rc8 43. a7 Ra8 44. Kd5 g5 45. Kc6 Kh3 46. Kb7 g4 47. Ra3 1-0

[Event "Mazowieckie-chT 0405"]
[Site "Poland"]
[Date "2004.11.21"]
[Round "4"]
[White "Szarwacki, Dominik"]
[Black "Nowak, Edward"]
[Result "1/2-1/2"]
[WhiteElo "1800"]
[BlackElo "1924"]
[PlyCount "106"]
[EventDate "2004.10.03"]
[EventType "team-tourn"]
[EventRounds "10"]
[EventCountry "POL"]
[SourceTitle "EXT 2019"]
[Source "ChessBase"]
[SourceDate "2018.10.10"]
[SourceVersion "1"]
[SourceVersionDate "2018.10.10"]
[SourceQuality "1"]

1. e4 Nf6 2. e5 Nd5 3. d4 d6 4. c4 Nb6 5. exd6 exd6 6. Nc3 Be7 7. Be2 Nc6 8. Nf3 Bg4 9. b3 Bf6 10. Be3 0-0 11. 0-0 Re8 12. Rc1 d5 13. c5 Nc8 14. h3 Bh5 15. b4 a6 16. Qb3 N8e7 17. Rfd1 Bg6 18. Bf4 Be4 19. Nxe4 dxe4 20. Ne5 Nd5 21. Bc4 Nce7 22. Re1 Bxe5 23. Bxe5 f6 24. Bxc7 Qxc7 25. Bxd5+ Nxd5 26. Qxd5+ Qf7 27. Qxf7+ Kxf7 28. d5 f5 29. g4 Kg6 30. Kg2 Kf6 31. Kg3 Ke5 32. Rcd1 f4+ 33. Kg2 Rad8 34. d6 h5 35. g5 h4 36. a4 Re6 37. Rd2 Kf5 38. Rd4 Re5 39. a5 Rd7 40. Kf1 Rd8 41. Re2 Rd7 42. Ke1 Rd8 43. Kd2 Rde8 44. d7 Rd8 45. Kc3 Kxg5 46. Kc4 Re7 47. Rexe4 Rxe4 48. Rxe4 Rxd7 49. Re5+ Kf6 50. Rd5 Re7 51. Rd3 g5 52. b5 Re4+ 53. Rd4 axb5+ 1/2-1/2